000 00476nam a2200181Ia 4500
001 21322
005 20260306172910.0
008 260306t2018||||xx |||||||||||||| ||spa||
041 _aESP
082 _a344.51
_bV67
100 _aVillegas Paiva, Elky Alexander
_eAUT
245 0 _aEl homicidio, doctrina y jurisprudencia:
_bdoctrina y jurisprudencia
260 _c2018
300 _a462 páginas :
_c25 cm.
650 _aGEN
654 _aCDE
942 _cLIB
_dJUS
_fJUS
_2ddc
_n
999 _c21322
_d21322